AH International Schools' Libraries

Gathering blue / (Record no. 50198)

MARC details
000 -LEADER
fixed length control field 01181nam a2200301 4500
020 ## - INTERNATIONAL STANDARD BOOK NUMBER
International Standard Book Number 9780547995687
Qualifying information hardcover
020 ## - INTERNATIONAL STANDARD BOOK NUMBER
International Standard Book Number 0547995687
Qualifying information hardcover
020 ## - INTERNATIONAL STANDARD BOOK NUMBER
International Standard Book Number 9780547904146
Qualifying information paperback
035 ## - SYSTEM CONTROL NUMBER
System control number 17475767
035 ## - SYSTEM CONTROL NUMBER
System control number (OCoLC)810528132
040 ## - CATALOGING SOURCE
Original cataloging agency JN5
Transcribing agency JN5
Modifying agency DLC
042 ## - AUTHENTICATION CODE
Authentication code lccopycat
050 00 - LIBRARY OF CONGRESS CALL NUMBER
Classification number PZ7.L9673
Item number Gat 2012
082 04 - DEWEY DECIMAL CLASSIFICATION NUMBER
Classification number 813.54
Edition number 21
100 ## - MAIN ENTRY--PERSONAL NAME
Personal name Lowry, Lois.
Relator term author.
245 10 - TITLE STATEMENT
Title Gathering blue /
Statement of responsibility, etc by Lois Lowry.
260 ## - PUBLICATION, DISTRIBUTION, ETC. (IMPRINT)
Place of publication, distribution, etc New York :
Name of publisher, distributor, etc Houghton Mifflin,
Date of publication, distribution, etc 2021.
300 ## - PHYSICAL DESCRIPTION
Extent 241 p. ;
Dimensions 22 cm.
500 ## - GENERAL NOTE
General note Companion book to: The Giver, Messenger, and Son.
520 ## - SUMMARY, ETC.
Summary, etc Lame and suddenly orphaned, Kira is mysteriously removed from her squalid village to live in the palatial Council Edifice, where she is expected to use her gifts as a weaver to do the bidding of the all-powerful Guardians.
650 ## - SUBJECT ADDED ENTRY--TOPICAL TERM
Topical term or geographic name as entry element Orphans
Form subdivision Juvenile fiction.
650 ## - SUBJECT ADDED ENTRY--TOPICAL TERM
Topical term or geographic name as entry element People with disabilities
Form subdivision Juvenile fiction.
650 ## - SUBJECT ADDED ENTRY--TOPICAL TERM
Topical term or geographic name as entry element Artists
Form subdivision Juvenile fiction.
650 ## - SUBJECT ADDED ENTRY--TOPICAL TERM
Topical term or geographic name as entry element Science fiction.
942 ## - ADDED ENTRY ELEMENTS (KOHA)
Source of classification or shelving scheme
Koha item type Book
Holdings
Withdrawn status Lost status Source of classification or shelving scheme Damaged status Not for loan Home library Current library Date acquired Total Checkouts Full call number Barcode Date last seen Price effective from Koha item type
          Logos International School Logos International School 02/23/2026   FIC LOW 040862 02/24/2026 02/23/2026 Book

For any Logos Library related questions please contact Miss Art at swongnarasuk@asianhope.org.

For any Asian Hope Library related questions please contact Miss Raza at graza@asianhope.org.

Powered by Koha